000
00345pam a2200157a 44500
008
230515b2008 xxu||||| |||| 00| 0 eng d
020
_a
NULL
041
_a
ENGLISH
082
_a
630
100
_a
SP: 6(6)-1972
245
_a
ISI HANDBOOK FOR STRUCTURAL ENGG
250
_a
0
260
_a
DELHI
_b
ISI
_c
2008
300
_a
13
650
_a
NULL
999
_c
652235
_d
652235